000
00329nam a22001457a 4500
008
210309b ||||| |||| 00| 0 eng d
020
_a
9780140225143
041
_a
eng
080
_2
4th
_a
82
082
_a
82
100
_a
21
101
_a
GJL
245
_a
The Literature of the United States
_c
Cunliffe, M
942
_2
udc
_c
BK
999
_c
56028
_d
56028